Normal view
MARC view
- GEOMETRIC ALGEBRA. ALGEBRA-GEOMETRIC
Entry Topical Term
001 - CONTROL NUMBER
- control field: 68689
003 - CONTROL NUMBER IDENTIFIER
- control field: NUST
005 - DATE AND TIME OF LATEST TRANSACTION
- control field: 20210628204105.0
008 - FIXED-LENGTH DATA ELEMENTS
- fixed length control field: 210628|| aca||aabn | a|a d
040 ## - CATALOGING SOURCE
- Original cataloging agency: NUST
- Transcribing agency: NUST
150 ## - HEADING--TOPICAL TERM
- Topical term or geographic name entry element: GEOMETRIC ALGEBRA. ALGEBRA-GEOMETRIC
670 ## - SOURCE DATA FOUND
- Source citation: Work cat.: (NUST): Vince, John 63329, Geometric algebra for computer graphics, 2008
